000
00299nam a2200109Ia 4500
008
201223s9999 xx 000 0 und d
100
_a
Lubell, Harold
245
0
_a
Urban development and employment: The prospects for Calcutta
260
_a
New Delhi
_b
Concept Publishing
300
_a
141
942
_c
BK
999
_c
8298
_d
8298